[Event "XIII. DBMM 2013"]
[Site "?"]
[Date "2013.09.28"]
[Round "5.4"]
[White "Mueller-Boge, Michael"]
[Black "Launert, Martin"]
[Result "1-0"]
[WhiteElo "2002"]
[BlackElo "1882"]
[PlyCount "135"]
[EventDate "2013.01.19"]

1. e4 e5 2. Bc4 Bc5 3. Nf3 Nc6 4. c3 Nf6 5. d3 O-O 6. Bb3 d5 7. Qe2 dxe4 8.
dxe4 Bg4 9. h3 Bh5 10. Bg5 h6 11. Bh4 a6 12. Nbd2 b5 13. g4 Bg6 14. Bd5 Qd6 15.
Bxc6 Qxc6 16. Nxe5 Qe6 17. Nxg6 fxg6 18. f3 Rae8 19. Kd1 Nd5 20. Kc1 Nf4 21.
Qd1 Be3 22. Qb3 g5 23. Be1 Qxb3 24. axb3 Nd3+ 25. Kc2 Nxe1+ 26. Raxe1 Bxd2 27.
Kxd2 Rxf3 28. Re2 Rd8+ 29. Kc2 Rdd3 30. h4 gxh4 31. Rxh4 Rde3 32. Kd2 {(R)}
Rd3+ 33. Kc2 b4 34. cxb4 Rxb3 35. Rh5 Rxb4 36. e5 Rfb3 37. Kb1 Rxg4 38. e6 Rb8
39. Rc5 Re8 40. Rxc7 Rg6 41. Rc6 a5 42. Ra6 Kf8 43. Ka2 Rf6 44. Ka3 g6 45. Ka4
Rf5 46. e7+ Kf7 47. Ree6 Rg5 48. Rf6+ Kg7 49. Rae6 h5 50. Rf3 h4 51. Rf4 Rh5
52. Rff6 h3 53. Rxg6+ Kh7 54. Rg1 h2 55. Rh1 Kg7 56. Re2 Kf6 57. Rhxh2 Rxh2 58.
Rxh2 Rxe7 59. Rf2+ Kg5 60. Kxa5 Ra7+ 61. Kb5 Rb7+ 62. Kc6 Rb3 63. Kc5 Kg4 64.
Kc4 Rb8 65. b4 Kg3 66. Rf6 Kg4 67. b5 Kg5 68. Rf1 1-0

[Event "XIII. DBMM 2013"]
[Site "?"]
[Date "2013.09.28"]
[Round "5.1"]
[White "Segerberg, Tomas"]
[Black "Schroeder, Kai"]
[Result "0-1"]
[WhiteElo "1996"]
[BlackElo "1786"]
[PlyCount "106"]
[EventDate "2013.01.19"]

1. c4 e6 2. Nf3 d5 3. e3 dxc4 4. Bxc4 a6 5. O-O Nf6 6. b3 Be7 7. Bb2 c5 8. Nc3
O-O 9. d4 b5 10. Be2 Bb7 11. Rc1 cxd4 12. exd4 Nbd7 13. Bd3 Nb6 14. Bb1 Rc8 15.
Ne5 b4 {(R)} 16. Ne2 Rxc1 17. Qxc1 Qd5 18. Nf4 Qd6 19. f3 Rc8 20. Qd2 Qd8 21.
Qd3 Nbd5 22. Nxd5 Qxd5 23. Ng4 g6 24. Ne3 Qd8 25. Nc4 Nd5 26. Rd1 Bg5 27. Bc1
Bxc1 28. Rxc1 Nc3 29. a3 Nxb1 30. Rxb1 bxa3 31. Nxa3 Qd5 32. Nc4 Qb5 33. Qe3
Rxc4 34. bxc4 Qxb1+ 35. Kf2 Qc2+ 36. Kg3 Qxc4 37. h4 Qc7+ 38. Kf2 h5 39. Qg5 a5
40. g4 Qh2+ 41. Ke3 Qg1+ 42. Kd3 Qf1+ 43. Kd2 Qf2+ 44. Kc1 Bxf3 45. gxh5 Bxh5
46. Qxa5 Qxd4 47. Qa8+ Kg7 48. Qb8 e5 49. Qc7 e4 50. Qf4 Qc3+ 51. Kb1 e3 52.
Ka2 e2 53. Qf2 e1=N 0-1

[Event "XIII. DBMM 2013"]
[Site "?"]
[Date "2013.09.28"]
[Round "5.2"]
[White "Figger, Udo"]
[Black "Lichtenstern, Elmar"]
[Result "0-1"]
[WhiteElo "1906"]
[BlackElo "2127"]
[PlyCount "84"]
[EventDate "2013.01.19"]

1. Nc3 c5 2. d4 cxd4 3. Qxd4 Nc6 4. Qa4 d6 5. Bg5 h6 6. Qh4 Be6 7. Nf3 g6 8.
Ne4 Bg7 9. Bc1 g5 10. Nfxg5 hxg5 11. Qxg5 Qa5+ 12. Bd2 Qxg5 13. Nxg5 Bd7 14. e4
f6 15. Nf3 a6 16. Bd3 Bh6 17. Bc3 Ne5 18. Nxe5 fxe5 19. Ke2 Nf6 20. f3 Bb5 21.
Bxb5+ axb5 22. a3 Nd7 23. Rad1 Rc8 24. Rd5 Rc5 25. Rhd1 b6 26. h4 Bf4 27. Rxc5
bxc5 28. Rh1 Bg3 29. Be1 Bxe1 30. Kxe1 Nf6 31. g4 Kf7 32. Kd2 e6 33. Kd3 d5 34.
g5 Nh5 35. c3 Nf4+ 36. Kd2 Rh5 37. b4 c4 38. a4 bxa4 39. b5 Ke7 40. Ra1 Rxh4
41. Rxa4 Rh2+ 42. Ke3 Re2# 0-1

[Event "XIII. DBMM 2013"]
[Site "?"]
[Date "2013.09.28"]
[Round "5.3"]
[White "Jachs, Walter"]
[Black "Rulfs, Ernst-August"]
[Result "1-0"]
[WhiteElo "2029"]
[BlackElo "1615"]
[PlyCount "55"]
[EventDate "2013.01.19"]

1. e4 e6 2. d4 d5 3. Nd2 c5 4. exd5 exd5 5. Ngf3 Nc6 6. Bb5 Qb6 7. Bxc6+ bxc6
8. Qe2+ Be6 9. dxc5 Bxc5 10. Nb3 Ne7 11. Nxc5 Qxc5 12. Be3 Qb4+ 13. c3 Qb7 14.
Bc5 O-O 15. O-O Rfe8 16. Qd2 Ng6 17. Nd4 Bc8 18. f4 Ne7 19. f5 a5 20. f6 Ng6
21. fxg7 Rb8 22. b4 axb4 23. cxb4 Kxg7 24. Qf2 Be6 25. Qf6+ Kg8 26. h4 Nf8 27.
Rf5 Nd7 28. Rg5# 1-0

[Event "XIII. DBMM 2013"]
[Site "?"]
[Date "2013.09.28"]
[Round "5.4"]
[White "Basteck, Reiner"]
[Black "Liefrink, Feike"]
[Result "0-1"]
[WhiteElo "1670"]
[BlackElo "2065"]
[PlyCount "62"]
[EventDate "2013.01.19"]

1. d4 d5 2. Nf3 e6 3. e3 Nf6 4. Bd3 c5 5. c3 Nc6 6. Nbd2 Qc7 7. O-O b6 8. Re1
Bb7 9. e4 cxd4 10. Nxd4 Nxd4 11. cxd4 dxe4 12. Nxe4 Bd6 13. Nxf6+ gxf6 14. Qh5
Ke7 15. Bh6 Bf4 16. Bxf4 Qxf4 17. d5 Rhg8 18. Re4 Qg5 19. Qxg5 Rxg5 20. Bc4
Bxd5 21. Bxd5 Rxd5 22. Rae1 Rc8 23. Kf1 Rc2 24. R4e2 Rdd2 25. Rxd2 Rxd2 26. Re2
Rd1+ 27. Re1 Rxe1+ 28. Kxe1 Kd6 29. Kd2 Kd5 30. Kd3 e5 31. f3 f5 0-1

[Event "XIII. DBMM 2013"]
[Site "?"]
[Date "2013.09.28"]
[Round "5.1"]
[White "Schulz, Michael"]
[Black "Prusikin, Michael"]
[Result "0-1"]
[WhiteElo "2249"]
[BlackElo "2555"]
[PlyCount "74"]
[EventDate "2013.01.19"]

1. d4 Nf6 2. Bg5 e6 3. Nd2 h6 4. Bh4 d6 5. e4 e5 6. dxe5 dxe5 7. Ngf3 Nbd7 8.
Bc4 c6 9. a4 Be7 10. O-O {(R)} O-O 11. Bg3 Qc7 12. Nh4 Re8 13. Qe2 Nf8 14. Ndf3
Bc5 15. c3 a5 16. Nd4 Bg4 17. f3 Bc8 18. Kh1 Nh5 19. Ndf5 Nxg3+ 20. hxg3 Be6
21. f4 Kh7 22. Bd3 Rad8 23. Bc2 Ba7 24. Rad1 Rxd1 25. Qxd1 Bc4 26. Bd3 Be6 27.
b4 axb4 28. cxb4 g6 29. Nxh6 Kxh6 30. f5 Bc8 31. fxg6 fxg6 32. Qc1+ Kh7 33. Nf3
Ne6 34. Bc4 Kg7 35. Nh4 Qe7 36. b5 Rh8 37. bxc6 Rxh4+ 0-1

[Event "XIII. DBMM 2013"]
[Site "?"]
[Date "2013.09.28"]
[Round "5.2"]
[White "Guth, Thomas"]
[Black "Jaehnisch, Frank"]
[Result "1/2-1/2"]
[WhiteElo "2283"]
[BlackElo "2220"]
[PlyCount "66"]
[EventDate "2013.01.19"]

1. e4 e6 2. d3 d5 3. Nd2 Nf6 4. g3 dxe4 5. dxe4 e5 6. Ngf3 Bg4 7. Bg2 Nc6 8.
O-O Bc5 9. c3 O-O 10. Qc2 a5 11. a4 Qc8 12. Nc4 Re8 13. Be3 Bf8 14. Rfd1 h6 15.
Na3 Qe6 16. Nb5 Rac8 17. b3 Nd7 18. Rd5 Nf6 19. Rdd1 Nd5 20. exd5 Qf6 21. dxc6
Bxf3 22. cxb7 Rb8 23. Bxf3 Qxf3 24. Nxc7 Re7 25. Na6 Rbxb7 26. Nc5 Ra7 27. b4
Rec7 28. Rd8 Ra8 29. Rd2 Bxc5 30. Bxc5 axb4 31. cxb4 Qc6 32. a5 Rcc8 33. Qd1
Qb5 1/2-1/2

[Event "XIII. DBMM 2013"]
[Site "?"]
[Date "2013.09.28"]
[Round "5.3"]
[White "Gebert-Vangeel, Ralf"]
[Black "Schramm, Christian"]
[Result "1/2-1/2"]
[WhiteElo "2059"]
[BlackElo "2396"]
[PlyCount "95"]
[EventDate "2013.01.19"]

1. e4 c5 2. c3 g6 3. Nf3 Bg7 4. d4 cxd4 5. cxd4 d5 6. exd5 Nf6 7. Bc4 O-O 8.
Nc3 a6 9. a4 Nbd7 10. Ne5 Nb6 11. Ba2 Nbxd5 12. O-O Be6 13. Qf3 Nxc3 14. bxc3
Bd5 15. Qe2 Bxa2 16. Rxa2 Nd5 17. Bd2 Rc8 18. Rc1 Qc7 19. c4 Bxe5 20. dxe5 Nb6
21. a5 Nd7 22. e6 Nf6 23. Bb4 Rfe8 24. Rac2 Qc6 25. exf7+ Kxf7 26. h3 Qe4 27.
Qf1 Rc6 28. Re2 Qf5 29. Rce1 e6 30. Re5 Qc2 31. Rc1 Qb3 32. Bc5 {(R)} Qb2 33.
Re2 Qb3 34. Re3 Qa4 35. Ra1 Qc2 36. Rc1 Qf5 37. Bb4 e5 38. Rf3 Qe6 39. Bd2 Kg7
40. Rb3 Re7 41. Qe2 Rec7 {(R)} 42. Rcb1 Qe7 43. Bg5 h6 44. Bxf6+ Rxf6 45. Re3
Rc5 46. Reb3 Rc7 47. Re3 Rc5 48. Reb3 1/2-1/2

[Event "XIII. DBMM 2013"]
[Site "?"]
[Date "2013.09.28"]
[Round "5.4"]
[White "Buescher, Henrik"]
[Black "Rath, Alina"]
[Result "1/2-1/2"]
[WhiteElo "2112"]
[BlackElo "1998"]
[PlyCount "39"]
[EventDate "2013.01.19"]

1. d4 d5 2. e3 Nf6 3. f4 Bf5 4. Nf3 e6 5. c3 Bd6 6. Be2 Nbd7 7. O-O O-O 8. Ne5
c5 9. Nd2 h6 10. Bf3 Kh8 11. Kh1 Ne4 12. Qe1 Ndf6 13. Rg1 Nxd2 14. Bxd2 Ne4 15.
Qe2 f6 16. Ng4 Qe7 17. Nf2 e5 18. g4 Bh7 19. Rae1 Rae8 20. f5 1/2-1/2

[Event "XIII. DBMM 2013"]
[Site "?"]
[Date "2013.09.28"]
[Round "5.1"]
[White "Blum, Norbert"]
[Black "Keuchen, Michael"]
[Result "1-0"]
[WhiteElo "2021"]
[BlackElo "2050"]
[PlyCount "65"]
[EventDate "2013.01.19"]

1. e4 e6 2. d4 d5 3. Nc3 Nf6 4. e5 Nfd7 5. f4 c5 6. Nf3 Nc6 7. Be3 a6 8. Qd2 b5
9. a3 Qa5 10. Ra2 Qb6 11. g3 Na5 12. b3 c4 13. b4 Nc6 14. f5 exf5 15. Nxd5 Qd8
16. Bg5 f6 17. exf6 Nxf6 18. Qe2+ Be7 19. Nxf6+ gxf6 20. Be3 Be6 21. c3 Bd5 22.
Bg2 Be4 23. Nh4 Qd5 24. O-O Qe6 25. Nxf5 Bxf5 26. Bxc6+ Qxc6 27. Rxf5 Qe4 28.
Rf4 Qb1+ 29. Rf1 Qe4 30. Qh5+ Kd7 31. Re2 Rac8 32. Bf4 Qc6 33. Rfe1 1-0

[Event "XIII. DBMM 2013"]
[Site "?"]
[Date "2013.09.28"]
[Round "5.2"]
[White "Raum, Norbert"]
[Black "Lau, Peter"]
[Result "1/2-1/2"]
[WhiteElo "1835"]
[BlackElo "1791"]
[PlyCount "58"]
[EventDate "2013.01.19"]

1. d4 f5 2. Qd3 g6 3. e4 fxe4 4. Qxe4 Nf6 5. Qh4 c6 6. Bd3 Qa5+ 7. Nc3 Qh5 8.
Qf4 Qg4 9. Nf3 d6 10. Bd2 Qxf4 11. Bxf4 Bg4 12. Nd2 Nbd7 13. O-O Nh5 14. Bg5
Bg7 15. Rfe1 Bf6 16. Nce4 Kf7 17. c3 Bf5 18. Nxf6 Nhxf6 19. Bc4+ d5 20. Bf1 h6
21. Bf4 g5 22. Be5 Rhe8 23. h3 Nxe5 24. Rxe5 e6 25. g4 Bg6 26. Bg2 Nd7 27. Re3
e5 28. dxe5 Rxe5 29. Rae1 Rae8 1/2-1/2

[Event "XIII. DBMM 2013"]
[Site "?"]
[Date "2013.09.28"]
[Round "5.3"]
[White "Pachl, Manfred"]
[Black "Hoffeins, Hans-Werner"]
[Result "1-0"]
[WhiteElo "1775"]
[BlackElo "1794"]
[PlyCount "119"]
[EventDate "2013.01.19"]

1. e4 d6 2. Bc4 Nf6 3. d3 Nbd7 4. h3 e5 5. Nf3 Nb6 6. Bb3 c6 7. Ng5 d5 8. exd5
cxd5 9. O-O Bd6 10. Re1 O-O 11. Nf3 Re8 12. Bg5 Bd7 13. Nc3 Bc6 14. a3 Bc7 15.
Bh4 h6 16. Qd2 d4 17. Ne4 Bxe4 18. dxe4 Qd6 19. Nh2 Nh5 20. Qe2 Nf4 21. Qf3 g5
22. Bg3 Qg6 23. Bxf4 exf4 24. Rad1 Be5 25. Ng4 Rad8 26. Qd3 h5 27. Nh2 Nd7 28.
Qb5 Bg7 29. f3 b6 30. Qa4 a5 31. Bd5 Ne5 32. Qb3 Re7 33. Rxd4 g4 34. Bxf7+ Rxf7
35. Rxd8+ Kh7 36. hxg4 hxg4 37. fxg4 Bf6 38. Qh3+ Qh6 39. Qxh6+ Kxh6 40. Rd6
Kg7 41. Rxb6 Nxg4 42. Rd1 Ne3 43. Rdd6 Be5 44. Rg6+ Kf8 45. Rb5 Bd4 46. Rb8+
Ke7 47. Rb7+ Kf8 48. Rxf7+ Kxf7 49. Ra6 Ng4+ 50. Kf1 Nxh2+ 51. Ke2 Bxb2 52.
Rxa5 Kg6 53. a4 Bd4 54. Rb5 Be3 55. a5 Ng4 56. a6 Kf6 57. c4 Ne5 58. c5 Ke6 59.
a7 Nc6 60. Rb6 1-0

[Event "XIII. DBMM 2013"]
[Site "?"]
[Date "2013.09.28"]
[Round "5.4"]
[White "Hein, Andrea"]
[Black "Brethauer, Tim"]
[Result "1/2-1/2"]
[WhiteElo "1449"]
[BlackElo "1641"]
[PlyCount "47"]
[EventDate "2013.01.19"]

1. d4 e6 2. Nf3 Nf6 3. Bg5 Be7 4. Nc3 b6 5. e3 Bb7 6. Be2 O-O 7. O-O d6 8. h3
Nbd7 9. Re1 Rc8 10. a3 c5 11. dxc5 Nxc5 12. Nd4 Qd7 13. Bf3 Bxf3 14. Qxf3 d5
15. Rad1 Na4 16. Nxa4 Qxa4 17. c3 Rc7 18. Qe2 a6 19. f4 Qc4 20. Qxc4 Rxc4 21.
Bxf6 Bxf6 22. g3 Rfc8 23. Re2 Be7 24. Rde1 1/2-1/2

[Event "XIII. DBMM 2013"]
[Site "?"]
[Date "2013.09.28"]
[Round "5.1"]
[White "Dekker, Derk"]
[Black "Giel, Olaf"]
[Result "0-1"]
[WhiteElo "1817"]
[BlackElo "2122"]
[PlyCount "74"]
[EventDate "2013.01.19"]

1. e4 c5 2. Nf3 d6 3. d4 cxd4 4. Nxd4 e5 5. Bb5+ Nd7 6. Nf5 a6 7. Bxd7+ Qxd7 8.
Ne3 Qc6 9. Nc3 Nf6 10. Qd3 Be6 11. O-O Rc8 12. a4 Be7 13. Rd1 O-O 14. a5 Rfd8
15. Ned5 Bxd5 16. exd5 Qc4 17. Ra4 Qxd3 18. Rxd3 Nd7 19. Be3 f5 20. f3 Rc7 21.
Rb4 Rb8 22. Rd1 Nc5 23. Kf1 Bd8 24. Ra1 Kf7 25. Ke2 Ke8 26. Rc4 Rbc8 27. b4 Nd7
28. Rxc7 Rxc7 29. Kd2 e4 30. fxe4 Bf6 31. Ra3 Ne5 32. Bb6 Nc4+ 33. Kd3 Nxa3 34.
Bxc7 Bxc3 35. Bxd6 fxe4+ 36. Kxe4 Kd7 37. Bc5 Nxc2 0-1

[Event "XIII. DBMM 2013"]
[Site "?"]
[Date "2013.09.28"]
[Round "5.2"]
[White "Buhrdorf, Axel"]
[Black "Oberpriller, Josef"]
[Result "1/2-1/2"]
[WhiteElo "1787"]
[BlackElo "1988"]
[PlyCount "83"]
[EventDate "2013.01.19"]

1. e4 Nf6 2. Nc3 e6 3. a3 d5 4. exd5 exd5 5. d4 Be7 6. Bd3 h6 7. h3 O-O 8. Nf3
Re8 9. O-O Be6 10. Bf4 a6 11. Qd2 Nbd7 12. Rfe1 Bf8 13. Re2 c5 14. dxc5 Nxc5
15. Rae1 Nxd3 16. Qxd3 Rc8 17. Nd4 Bd7 18. Be5 Qb6 19. Bxf6 Rxe2 20. Rxe2 Qxf6
21. Nxd5 Qg5 22. Nb6 Rd8 23. Nxd7 Rxd7 24. Qe3 Qd5 25. c3 Re7 26. Qd3 Qg5 27.
Qd2 Qg6 28. Rxe7 Bxe7 29. Qe2 Bd6 30. Nf3 Qb1+ 31. Ne1 Qf5 32. Nd3 Kf8 33. Qe3
Qd5 34. Qd4 Qxd4 35. cxd4 Ke7 36. Kf1 Ke6 37. Ke2 Kd5 38. Ke3 Be7 39. g4 Bf6
40. Ne5 Bxe5 41. dxe5 Kxe5 42. f4+ 1/2-1/2

[Event "XIII. DBMM 2013"]
[Site "?"]
[Date "2013.09.28"]
[Round "5.3"]
[White "Bumes, Konrad"]
[Black "Duckstein, Torsten"]
[Result "1-0"]
[WhiteElo "1796"]
[BlackElo "1944"]
[PlyCount "27"]
[EventDate "2013.01.19"]

1. d4 e6 2. c4 d5 3. Nc3 c6 4. e3 f5 5. Nf3 Nf6 6. Bd3 Bd6 7. Qe2 O-O 8. a3 a5
9. b3 Ne4 10. Bb2 b6 11. h4 Qe7 12. Na4 Nd7 13. Ne5 Rb8 14. Nxc6 1-0

[Event "XIII. DBMM 2013"]
[Site "?"]
[Date "2013.09.28"]
[Round "5.4"]
[White "Brandt, Axel"]
[Black "Santos, Paulo"]
[Result "0-1"]
[WhiteElo "1525"]
[BlackElo "1848"]
[PlyCount "56"]
[EventDate "2013.01.19"]

1. Nf3 Nf6 2. d4 g6 3. c4 Bg7 4. Nc3 d5 5. e3 O-O 6. cxd5 Nxd5 7. Bc4 Nf6 8.
O-O c5 9. Rb1 Bf5 10. Bd3 Bxd3 11. Qxd3 cxd4 12. exd4 Nc6 13. Be3 Rc8 14. Qb5
Na5 15. Ne5 a6 16. Qe2 b5 17. Rbc1 Nd5 18. Nf3 Nc4 19. Nxd5 Qxd5 20. b3 Nxe3
21. fxe3 Rc6 22. Rc2 Rfc8 23. Rfc1 Bh6 24. Rxc6 Rxc6 25. Qd2 Qe4 26. Kf2 Bxe3+
27. Qxe3 Qxe3+ 28. Kxe3 Rxc1 0-1

[Event "XIII. DBMM 2013"]
[Site "?"]
[Date "2013.09.28"]
[Round "5.1"]
[White "Beherndt, Clemens"]
[Black "Eisermann, Daniel"]
[Result "1/2-1/2"]
[WhiteElo "2090"]
[BlackElo "1941"]
[PlyCount "81"]
[EventDate "2013.01.19"]

1. Nf3 d5 2. g3 Nf6 3. Bg2 g6 4. d4 Bg7 5. c4 c6 6. cxd5 cxd5 7. Nc3 Nc6 8. O-O
O-O 9. Ne5 Be6 10. Nxc6 bxc6 11. Na4 Nd7 12. Bf4 f6 13. Rc1 Rc8 14. Qd2 Bf7 15.
Bh3 g5 16. Be3 e6 17. b3 Re8 18. Rfd1 Bf8 19. Qb2 Qe7 {(R)} 20. Bd2 Qa3 21. Bc3
Qxb2 22. Bxb2 h5 23. f3 Bg6 24. e3 Kf7 25. Bf1 Bd6 26. Bd3 Bxd3 27. Rxd3 Rc7
28. Rdc3 Rec8 29. Kf1 f5 30. R3c2 g4 31. e4 fxe4 32. fxe4 dxe4 33. Rf2+ Kg6 34.
Nc3 e3 35. Re2 Rf8+ 36. Kg2 Rf2+ 37. Rxf2 exf2 38. Rf1 Nf6 39. Rxf2 Rf7 40. Re2
Kf5 41. Rf2+ 1/2-1/2

[Event "XIII. DBMM 2013"]
[Site "?"]
[Date "2013.09.28"]
[Round "5.2"]
[White "Mayer, Herbert"]
[Black "Liebersbach, Siegmund"]
[Result "0-1"]
[WhiteElo "1992"]
[BlackElo "1730"]
[PlyCount "48"]
[EventDate "2013.01.19"]

1. f4 d5 2. b3 Nf6 3. e3 e6 4. Bb2 c5 5. Nf3 Nc6 6. Bb5 Bd7 7. O-O Be7 8. Bxc6
Bxc6 9. d3 O-O 10. Nbd2 b6 11. Ne5 Bb7 12. Ndf3 Ne8 13. Qe1 Nd6 14. Ng4 f6 15.
Rd1 Qe8 16. h3 Qh5 17. Nf2 Rad8 18. Kh2 Bc8 19. g4 Qh6 20. Rg1 Nf7 21. Rg3 Bd6
22. g5 fxg5 23. Nxg5 Nxg5 24. Rxg5 Qxg5 0-1

[Event "XIII. DBMM 2013"]
[Site "?"]
[Date "2013.09.28"]
[Round "5.3"]
[White "Uhlarz, Joerg"]
[Black "Mueller, Gerd"]
[Result "0-1"]
[WhiteElo "1753"]
[BlackElo "1809"]
[PlyCount "82"]
[EventDate "2013.01.19"]

1. d4 Nf6 2. c4 e6 3. Nc3 Bb4 4. Nf3 O-O 5. Bg5 h6 6. Bxf6 Qxf6 7. e3 c5 8. Qc2
cxd4 9. Nxd4 Nc6 10. Nf3 Bxc3+ 11. bxc3 b6 12. Rc1 Qe7 13. Be2 Ba6 14. O-O Rfc8
15. Qa4 Na5 16. Nd2 Rc7 17. Nb3 Bxc4 18. Qb4 d5 19. Bxc4 Nxc4 20. Nd4 Nd6 21.
Nb5 Nxb5 22. Qxb5 Qf6 23. Qa6 Qe7 24. c4 Rac8 25. g3 Rxc4 26. Rxc4 Rxc4 27. h4
Qc7 28. Kg2 d4 29. exd4 Rxd4 30. Qe2 Qc6+ 31. Kh3 Qd5 32. Qa6 Qd7 33. Rc1 Rd2
34. Qc8+ Qxc8 35. Rxc8+ Kh7 36. Rc7 Rxa2 37. Rxf7 Kg6 38. Rf3 Rb2 39. g4 a5 40.
Kg3 a4 41. Re3 Rb3 0-1

[Event "XIII. DBMM 2013"]
[Site "?"]
[Date "2013.09.28"]
[Round "5.4"]
[White "Riess, Bernhard"]
[Black "Nitsch, Norbert"]
[Result "1/2-1/2"]
[WhiteElo "1577"]
[BlackElo "1738"]
[PlyCount "78"]
[EventDate "2013.01.19"]

1. d4 d5 2. c4 c6 3. Nc3 Nf6 4. Nf3 e6 5. Bg5 Be7 6. e3 Nbd7 7. Bd3 dxc4 8.
Bxc4 a6 9. a4 O-O 10. O-O Qb6 11. Rb1 Qc7 12. Qc2 Nb6 13. Bd3 h6 14. Bh4 Nbd5
15. Nxd5 exd5 16. b4 Ne8 17. b5 Bxh4 18. Nxh4 axb5 19. axb5 Bd7 20. Rfc1 Nd6
21. Nf5 Nxf5 22. Bxf5 Bxf5 23. Qxf5 Qd6 24. bxc6 bxc6 25. Rb6 Rfc8 26. g3 Rc7
27. Rcb1 g6 {(R)} 28. Rb8+ Rxb8 29. Rxb8+ Kg7 30. Qb1 Kh7 31. Qb2 Re7 32. Rb6
Rc7 33. Qc3 Rc8 34. Qc5 Qd7 35. Kg2 Kg7 36. Ra6 Rc7 37. Ra8 Rc8 38. Ra7 Rc7 39.
Ra6 Rc8 1/2-1/2

[Event "XIII. DBMM 2013"]
[Site "?"]
[Date "2013.09.28"]
[Round "5.1"]
[White "Seger, Ruediger"]
[Black "Scharrer, Udo"]
[Result "1/2-1/2"]
[WhiteElo "2393"]
[BlackElo "2036"]
[PlyCount "64"]
[EventDate "2013.01.19"]

1. e4 c5 2. c3 Nf6 3. e5 Nd5 4. d4 cxd4 5. Nf3 e6 6. cxd4 d6 7. Bc4 Nc6 8. O-O
Be7 9. Qe2 O-O 10. Nc3 Nxc3 11. bxc3 dxe5 12. dxe5 Qa5 13. Qe4 Qa4 14. Bg5 Rb8
15. Rfd1 h6 16. Bxe7 Nxe7 17. Rd4 Nf5 18. Bd3 Qc6 19. Qxc6 bxc6 20. Ra4 Rb7 21.
Be4 Bd7 22. Rd1 Rfb8 23. h4 Rc7 24. h5 Kf8 25. Ra5 Rb5 26. Ra4 Rb8 27. Kf1 Ne7
28. c4 c5 29. Ra5 Rb4 30. Rc1 Nc8 31. Ke1 Nb6 32. Nd2 Ra4 1/2-1/2

[Event "XIII. DBMM 2013"]
[Site "?"]
[Date "2013.09.28"]
[Round "5.2"]
[White "Karthaus, Carsten"]
[Black "Gikas, AndreasBasilius"]
[Result "0-1"]
[WhiteElo "1965"]
[BlackElo "2187"]
[PlyCount "54"]
[EventDate "2013.01.19"]

1. e4 Nf6 2. e5 Nd5 3. d4 d6 4. c4 Nb6 5. exd6 cxd6 6. Be3 g6 7. Nf3 Bg7 8. Bd3
O-O 9. O-O Nc6 10. Nc3 Bg4 11. c5 dxc5 12. dxc5 Nd7 13. Be2 Qa5 14. Qa4 Qxa4
15. Nxa4 Nde5 16. Nxe5 Bxe2 17. Nxc6 bxc6 18. Rfe1 Bg4 19. Bf4 Be6 20. Rac1
Bxa2 21. Rxe7 Rfe8 22. Rce1 Rxe7 23. Rxe7 Bb3 24. Re4 a5 25. Bc7 f5 26. Nb6
fxe4 27. Nxa8 a4 0-1

[Event "XIII. DBMM 2013"]
[Site "?"]
[Date "2013.09.28"]
[Round "5.3"]
[White "Biedekoepper, Robert"]
[Black "Bangert, Udo"]
[Result "1-0"]
[WhiteElo "2103"]
[BlackElo "1895"]
[PlyCount "25"]
[EventDate "2013.01.19"]

1. c4 Nf6 2. Nc3 e6 3. e4 d5 4. e5 d4 5. exf6 dxc3 6. bxc3 Qxf6 7. d4 Be7 8.
Nf3 h6 9. Bd3 O-O 10. O-O b6 11. Be4 c6 12. Ne5 Bb7 13. Ng4 1-0

[Event "XIII. DBMM 2013"]
[Site "?"]
[Date "2013.09.28"]
[Round "5.4"]
[White "Keck, Gerd"]
[Black "Dehmel, Jens"]
[Result "0-1"]
[WhiteElo "1400"]
[BlackElo "2091"]
[PlyCount "64"]
[EventDate "2013.01.19"]

1. Nf3 d5 2. g3 Nf6 3. Bg2 c6 4. O-O Bg4 5. Nc3 Nbd7 6. b3 e5 7. Bb2 Bd6 8. Rb1
O-O 9. d3 Re8 10. Qe1 e4 11. Nd2 e3 12. Nf3 exf2+ 13. Rxf2 Bc5 14. d4 Bxf3 15.
dxc5 Bxg2 16. Rxg2 Nxc5 17. e3 Qb6 18. Re2 Re6 19. Na4 Nxa4 20. bxa4 Qa6 21. a5
Rae8 22. Bd4 Ne4 23. h4 c5 24. Ba1 Nxg3 25. Qxg3 Rg6 26. Rg2 Rxg3 27. Rxg3 g6
28. Kg2 Qe2+ 29. Kh3 Qxc2 30. Rxb7 Qd1 31. Bf6 Qf1+ 32. Kg4 Qf5# 0-1

[Event "XIII. DBMM 2013"]
[Site "?"]
[Date "2013.09.28"]
[Round "5.1"]
[White "Fischer, Alexander"]
[Black "Musoldt, Christoph"]
[Result "1/2-1/2"]
[WhiteElo "2055"]
[BlackElo "1918"]
[PlyCount "60"]
[EventDate "2013.01.19"]

1. d4 c5 2. d5 e5 3. e4 d6 4. Bd3 Be7 5. c4 Na6 6. a3 Nf6 7. Nc3 Nc7 8. Nge2
Nh5 9. Be3 g6 10. Qd2 f5 11. f3 f4 12. Bf2 Bd7 13. b4 b6 14. b5 Kf8 15. Kd1 Ne8
16. Kc2 g5 17. g4 Nhg7 18. a4 Nf6 19. h4 h6 20. Nc1 Bc8 21. Be2 Nd7 22. h5 Bb7
{(R)} 23. Nb3 Qc7 24. Ra3 Ne8 25. Rha1 Nef6 26. Be1 Rb8 27. Qc1 Bd8 28. R1a2
Be7 29. Qa1 Qd8 30. a5 Kg7 1/2-1/2

[Event "XIII. DBMM 2013"]
[Site "?"]
[Date "2013.09.28"]
[Round "5.2"]
[White "Decker, Ingo"]
[Black "Lutterbey, Ralf"]
[Result "0-1"]
[WhiteElo "1696"]
[BlackElo "1887"]
[PlyCount "64"]
[EventDate "2013.01.19"]

1. e4 d5 2. e5 d4 3. f4 c5 4. Bc4 e6 5. Nf3 Nc6 6. d3 Nge7 7. O-O h6 8. Nbd2
Nd5 9. Ne4 Be7 10. a3 O-O 11. Qe1 a6 12. Bd2 b5 13. Ba2 Qb6 14. Qg3 f5 15. exf6
Bxf6 16. f5 Ne3 17. Bxe3 dxe3 18. c3 Ne7 19. Bxe6+ Bxe6 20. fxe6 Qxe6 21. Nxc5
Qd5 22. d4 Nf5 23. Qg4 Rae8 24. Rfe1 e2 25. Qf4 Re3 26. Nxa6 g5 27. Nb4 Qe6 28.
Qc7 Rxf3 29. gxf3 Qe3+ 30. Kh1 Qxf3+ 31. Kg1 Bxd4+ 32. cxd4 Ne3 0-1

[Event "XIII. DBMM 2013"]
[Site "?"]
[Date "2013.09.28"]
[Round "5.3"]
[White "Brauer, Frank"]
[Black "Jacobsen, Ruedinger"]
[Result "1-0"]
[WhiteElo "1887"]
[BlackElo "1532"]
[PlyCount "55"]
[EventDate "2013.01.19"]

1. e4 e5 2. Nf3 Nc6 3. Bb5 Bc5 4. Nc3 Nd4 5. Nxd4 Bxd4 6. d3 a6 7. Bc4 Nf6 8.
Bg5 c6 9. O-O d6 10. Rb1 h6 11. Bh4 O-O 12. Ne2 Ba7 13. c3 Be6 14. Bb3 Bxb3 15.
Qxb3 g5 16. Bg3 Qe7 17. Kh1 Nh5 18. f3 Nf4 19. Nxf4 exf4 20. Bf2 b6 21. Qc4 Qb7
22. Qd4 d5 23. Qf6 c5 24. Qxh6 f6 25. Qg6+ Kh8 26. Rbe1 Rad8 27. exd5 Qxd5 28.
Re7 1-0

[Event "XIII. DBMM 2013"]
[Site "?"]
[Date "2013.09.28"]
[Round "5.4"]
[White "Feldmann, Alfred"]
[Black "Hoffmann, Frank"]
[Result "0-1"]
[WhiteElo "1434"]
[BlackElo "1521"]
[PlyCount "56"]
[EventDate "2013.01.19"]

1. d4 Nf6 2. c4 g6 3. Nc3 Bg7 4. Nf3 d6 5. e4 O-O 6. Bd3 e5 7. Be3 Nc6 8. h3
Ne8 9. O-O Nxd4 10. Bb1 Nxf3+ 11. Qxf3 b6 12. b4 a5 13. b5 f5 14. exf5 Bxf5 15.
Qd5+ Kh8 16. Ne4 Nf6 17. Qd2 Bxe4 18. Bg5 Bxb1 19. Raxb1 Ne4 20. Bxd8 Nxd2 21.
Bxc7 Nxf1 22. Kxf1 Rfc8 23. Bxb6 Rxc4 24. Be3 Rb4 25. Rd1 Rxb5 26. Rxd6 Rb1+
27. Ke2 Rb2+ 28. Kf3 Rxa2 0-1

[Event "XIII. DBMM 2013"]
[Site "?"]
[Date "2013.09.28"]
[Round "5.1"]
[White "Lange, Ronny"]
[Black "Fass, Helmut"]
[Result "1-0"]
[WhiteElo "1400"]
[BlackElo "1531"]
[PlyCount "31"]
[EventDate "2013.01.19"]

1. e4 e5 2. Nf3 Nc6 3. Bc4 Be7 4. d4 exd4 5. Nxd4 Nf6 6. Nc3 d6 7. Be3 Bd7 8.
Qe2 a6 9. a3 Nxd4 10. Bxd4 Be6 11. Bxe6 fxe6 12. e5 dxe5 13. Bxe5 O-O 14. Rd1
Qc8 15. O-O Nd7 16. Bxc7 1-0

[Event "XIII. DBMM 2013"]
[Site "?"]
[Date "2013.09.28"]
[Round "5.2"]
[White "Hueners, Rolf"]
[Black "Helps, Ian Malcolm"]
[Result "1-0"]
[WhiteElo "1400"]
[BlackElo "1400"]
[PlyCount "87"]
[EventDate "2013.01.19"]

1. d4 Nf6 2. b3 g6 3. Bb2 Bg7 4. e3 d6 5. Nf3 Bg4 6. h3 Bf5 7. Bc4 Nbd7 8. Ng5
e6 9. O-O Ne4 10. Nxe4 Bxe4 11. Nc3 Qg5 12. Nxe4 Qe7 13. Rb1 d5 14. Bd3 dxe4
15. Bxe4 c6 16. c4 O-O 17. Qc2 Nf6 18. Bf3 Rac8 19. a4 a6 20. Bc3 b5 21. Qa2 b4
22. Bb2 a5 23. Qa1 Nh5 24. Rbd1 Rfd8 25. g4 Nf6 26. d5 Ne8 27. Bxg7 Nxg7 28.
dxc6 Qh4 29. Kg2 f5 30. Qe5 fxg4 31. Bxg4 Re8 32. Rd4 Qh6 33. Rfd1 Rxc6 34. Rd8
Rc8 35. Qf6 Rcxd8 36. Rxd8 Rxd8 37. Qxd8+ Kf7 38. c5 Nf5 39. Bxf5 exf5 40. Qd5+
Kf6 41. Qd6+ Kg5 42. Qf4+ Kh5 43. Qxh6+ Kxh6 44. c6 1-0